{"text_format":"3","workbook":"xlsx","n_sheets":1,"sheets":["t6"],"read":"whole","date_system":"1900"}

{"sheet":"t6","index":0,"n_rows":186,"n_cols":7,"rows_kept":186,"merged":[[0,0,0,6],[30,0,30,5],[48,0,48,5],[155,0,155,5]]}
["TABELA 6.1 - Estatísticas Agrícolas, Município de Águas de Santa Bárbara, Estado de São Paulo, 2007/08."]
["ITEM","UNIDADE","N.DE UPAs","MÍNIMO","MÉDIO","MÁXIMO","TOTAL"]
["Distância à sede do município","km",506,0.1,{"v":7.94,"d":"7.9"},32.3,"-"]
["Área total","hectare",506,0.6,{"v":66.19,"d":"66.2"},{"v":2712,"d":"2,712.0"},{"v":33494.3,"d":"33,494.3"}]
["Área com cultura perene","hectare",48,0.1,72.9,{"v":1439.4,"d":"1,439.4"},{"v":3499.2,"d":"3,499.2"}]
["Área com cultura temporária","hectare",212,0.1,{"v":32.76,"d":"32.8"},{"v":920,"d":"920.0"},{"v":6944.2,"d":"6,944.2"}]
["Área com pastagem","hectare",410,0.5,{"v":35.21,"d":"35.2"},{"v":1866,"d":"1,866.0"},{"v":14437.8,"d":"14,437.8"}]
["Área com reflorestamento","hectare",182,0.1,{"v":19.46,"d":"19.5"},847.3,{"v":3541.4,"d":"3,541.4"}]
["Área com vegetação natural","hectare",327,0.1,{"v":13.26,"d":"13.3"},{"v":1967.7,"d":"1,967.7"},{"v":4336.6,"d":"4,336.6"}]
["Área com vegetação de brejo e várzea","hectare",13,0.1,2.1,{"v":10,"d":"10.0"},27.3]
["Área em descanso","hectare",3,0.5,3.7,10.1,11.1]
["Área complementar","hectare",402,0.1,{"v":1.73,"d":"1.7"},148.6,696.7]
["Área das UPAs com (0, 1] ha","hectare",1,0.6,0.6,0.6,0.6]
["Área das UPAs com (1, 2] ha","hectare",9,1.2,{"v":1.72,"d":"1.7"},{"v":2,"d":"2.0"},15.5]
["Área das UPAs com (2, 5] ha","hectare",68,2.1,{"v":3.52,"d":"3.5"},4.9,239.5]
["Área das UPAs com (5, 10] ha","hectare",88,5.2,{"v":7.72,"d":"7.7"},{"v":10,"d":"10.0"},679.3]
["Área das UPAs com (10, 20] ha","hectare",94,10.1,{"v":15.08,"d":"15.1"},19.7,{"v":1417.7,"d":"1,417.7"}]
["Área das UPAs com (20, 50] ha","hectare",130,20.2,{"v":32.51,"d":"32.5"},{"v":50,"d":"50.0"},{"v":4226.7,"d":"4,226.7"}]
["Área das UPAs com (50, 100] ha","hectare",45,50.8,69.3,98.3,{"v":3118.4,"d":"3,118.4"}]
["Área das UPAs com (100, 200] ha","hectare",39,105.5,143.5,{"v":200,"d":"200.0"},{"v":5596.5,"d":"5,596.5"}]
["Área das UPAs com (200, 500] ha","hectare",25,208.2,{"v":295.42,"d":"295.4"},463.6,{"v":7385.5,"d":"7,385.5"}]
["Área das UPAs com (500, 1.000] ha","hectare",1,503.3,503.3,503.3,503.3]
["Área das UPAs com (1.000, 2.000] ha","hectare",4,{"v":1105.9,"d":"1,105.9"},{"v":1371.08,"d":"1,371.1"},{"v":1608,"d":"1,608.0"},{"v":5484.3,"d":"5,484.3"}]
["Área das UPAs com (2.000, 5.000] ha","hectare",2,{"v":2115,"d":"2,115.0"},{"v":2413.5,"d":"2,413.5"},{"v":2712,"d":"2,712.0"},{"v":4827,"d":"4,827.0"}]
["Área das UPAs com (5.000, 10.000] ha","hectare","-","-","-","-","-"]
["Área das UPAs acima de 10.000 ha","hectare","-","-","-","-","-"]
["Familiares do proprietário que trabalham na UPA","unidade",445,{"v":1,"d":"1.0"},{"v":1.34,"d":"1.3"},{"v":7,"d":"7.0"},{"v":595,"d":"595.0"}]
["Trabalhadores permanentes","unidade",105,{"v":1,"d":"1.0"},{"v":3.59,"d":"3.6"},{"v":80,"d":"80.0"},{"v":377,"d":"377.0"}]
["Fonte: Secretaria de Agricultura e Abastecimento, CDRS/IEA, Projeto LUPA."]
[]
["TABELA 6.2 - Explorações Animais, Município de Águas de Santa Bárbara, Estado de São Paulo, 2007/08."]
["ITEM","UNIDADE","N.DE UPAs","MÍNIMO","MÉDIO","MÁXIMO","TOTAL"]
["Apicultura","colmeias",1,{"v":10,"d":"10.0"},{"v":10,"d":"10.0"},{"v":10,"d":"10.0"},{"v":10,"d":"10.0"}]
["Asininos E Muares","cabeças",15,{"v":1,"d":"1.0"},1.8,{"v":10,"d":"10.0"},{"v":27,"d":"27.0"}]
["Avicultura de Corte","cabeças/ano",8,{"v":20,"d":"20.0"},{"v":5031.25,"d":"5,031.3"},{"v":40000,"d":"40,000.0"},{"v":40250,"d":"40,250.0"}]
["Avicultura Ornamental/Decorativa/Exótica","cabeças",2,{"v":4,"d":"4.0"},{"v":7,"d":"7.0"},{"v":10,"d":"10.0"},{"v":14,"d":"14.0"}]
["Avicultura para Ovos","cabeças",14,{"v":11,"d":"11.0"},{"v":15307.93,"d":"15,307.9"},{"v":214000,"d":"214,000.0"},{"v":214311,"d":"214,311.0"}]
["Bovinocultura de Corte","cabeças",63,{"v":5,"d":"5.0"},{"v":154.83,"d":"154.8"},{"v":2340,"d":"2,340.0"},{"v":9754,"d":"9,754.0"}]
["Bovinocultura Leiteira","cabeças",16,{"v":3,"d":"3.0"},{"v":35,"d":"35.0"},{"v":150,"d":"150.0"},{"v":560,"d":"560.0"}]
["Bovinocultura Mista","cabeças",193,{"v":1,"d":"1.0"},{"v":36.61,"d":"36.6"},{"v":350,"d":"350.0"},{"v":7066,"d":"7,066.0"}]
["Caprinocultura","cabeças",4,{"v":2,"d":"2.0"},{"v":5,"d":"5.0"},{"v":10,"d":"10.0"},{"v":20,"d":"20.0"}]
["Equinocultura","cabeças",138,{"v":1,"d":"1.0"},{"v":3.46,"d":"3.5"},{"v":60,"d":"60.0"},{"v":477,"d":"477.0"}]
["Outra Exploração Animal","cabeças",1,{"v":4,"d":"4.0"},{"v":4,"d":"4.0"},{"v":4,"d":"4.0"},{"v":4,"d":"4.0"}]
["Ovinocultura","cabeças",16,{"v":6,"d":"6.0"},{"v":59.44,"d":"59.4"},{"v":400,"d":"400.0"},{"v":951,"d":"951.0"}]
["Piscicultura","m² tanques",3,{"v":500,"d":"500.0"},{"v":2500,"d":"2,500.0"},{"v":5000,"d":"5,000.0"},{"v":7500,"d":"7,500.0"}]
["Suinocultura","cabeças",50,{"v":1,"d":"1.0"},17.2,{"v":400,"d":"400.0"},{"v":860,"d":"860.0"}]
["Fonte: Secretaria de Agricultura e Abastecimento, CDRS/IEA, Projeto LUPA."]
[]
["TABELA 6.3 -  Máquinas, Implementos e Benfeitorias, Município de Águas de Santa Bárbara, Estado de São Paulo, 2007/08."]
["ITEM","UNIDADE","N.DE UPAs","MÍNIMO","MÉDIO","MÁXIMO","TOTAL"]
["Arado Comum (Bacia, Aiveca)","Unidade",63,{"v":1,"d":"1.0"},{"v":1.16,"d":"1.2"},{"v":4,"d":"4.0"},{"v":73,"d":"73.0"}]
["Arado Escarificador","Unidade",5,{"v":1,"d":"1.0"},1.2,{"v":2,"d":"2.0"},{"v":6,"d":"6.0"}]
["Arado Subsolador","Unidade",4,{"v":1,"d":"1.0"},{"v":1,"d":"1.0"},{"v":1,"d":"1.0"},{"v":4,"d":"4.0"}]
["Batedeira de Cereais","Unidade",5,{"v":1,"d":"1.0"},{"v":1,"d":"1.0"},{"v":1,"d":"1.0"},{"v":5,"d":"5.0"}]
["Câmara Fria","Unidade",2,{"v":1,"d":"1.0"},1.5,{"v":2,"d":"2.0"},{"v":3,"d":"3.0"}]
["Carregadeira de Cana","Unidade",2,{"v":1,"d":"1.0"},{"v":1,"d":"1.0"},{"v":1,"d":"1.0"},{"v":2,"d":"2.0"}]
["Colhedeira Acoplada","Unidade",1,{"v":1,"d":"1.0"},{"v":1,"d":"1.0"},{"v":1,"d":"1.0"},{"v":1,"d":"1.0"}]
["Colhedeira Automotriz","Unidade",7,{"v":1,"d":"1.0"},{"v":1.57,"d":"1.6"},{"v":3,"d":"3.0"},{"v":11,"d":"11.0"}]
["Computador","Unidade",6,{"v":1,"d":"1.0"},1.5,{"v":4,"d":"4.0"},{"v":9,"d":"9.0"}]
["Conj.Irrigação Convencional","Unidade",4,{"v":1,"d":"1.0"},{"v":1,"d":"1.0"},{"v":1,"d":"1.0"},{"v":4,"d":"4.0"}]
["Conj.Irrigação Pivot Central","Unidade",2,{"v":1,"d":"1.0"},1.5,{"v":2,"d":"2.0"},{"v":3,"d":"3.0"}]
["Conj.Irrigação/Gotejamento/Microaspersão","Unidade",1,{"v":3,"d":"3.0"},{"v":3,"d":"3.0"},{"v":3,"d":"3.0"},{"v":3,"d":"3.0"}]
["Conjunto de Fenação","Unidade",3,{"v":1,"d":"1.0"},{"v":2,"d":"2.0"},{"v":3,"d":"3.0"},{"v":6,"d":"6.0"}]
["Desintegrador de Palha (Plantio Direto)","Unidade",2,{"v":1,"d":"1.0"},{"v":1,"d":"1.0"},{"v":1,"d":"1.0"},{"v":2,"d":"2.0"}]
["Desintegrador, Picador, Triturador","Unidade",118,{"v":1,"d":"1.0"},{"v":1.12,"d":"1.1"},{"v":3,"d":"3.0"},{"v":132,"d":"132.0"}]
["Distribuidor de Calcário","Unidade",19,{"v":1,"d":"1.0"},{"v":1.16,"d":"1.2"},{"v":3,"d":"3.0"},{"v":22,"d":"22.0"}]
["Ensiladeira","Unidade",34,{"v":1,"d":"1.0"},{"v":1.12,"d":"1.1"},{"v":3,"d":"3.0"},{"v":38,"d":"38.0"}]
["Grade Aradora (Tipo Romi)","Unidade",37,{"v":1,"d":"1.0"},1.3,{"v":4,"d":"4.0"},{"v":48,"d":"48.0"}]
["Grade Niveladora","Unidade",63,{"v":1,"d":"1.0"},{"v":1.14,"d":"1.1"},{"v":3,"d":"3.0"},{"v":72,"d":"72.0"}]
["Implementos para Tração Animal","Unidade",66,{"v":1,"d":"1.0"},{"v":2.35,"d":"2.4"},{"v":8,"d":"8.0"},{"v":155,"d":"155.0"}]
["Microtrator","Unidade",6,{"v":1,"d":"1.0"},{"v":1,"d":"1.0"},{"v":1,"d":"1.0"},{"v":6,"d":"6.0"}]
["Misturador de Ração","Unidade",4,{"v":1,"d":"1.0"},{"v":1,"d":"1.0"},{"v":1,"d":"1.0"},{"v":4,"d":"4.0"}]
["Ordenhadeira Mecânica","Unidade",10,{"v":1,"d":"1.0"},{"v":1,"d":"1.0"},{"v":1,"d":"1.0"},{"v":10,"d":"10.0"}]
["Pulverizador Tratorizado","Unidade",29,{"v":1,"d":"1.0"},{"v":1.79,"d":"1.8"},{"v":10,"d":"10.0"},{"v":52,"d":"52.0"}]
["Resfriador de Leite, Tanque Expansão","Unidade",12,{"v":1,"d":"1.0"},{"v":1.08,"d":"1.1"},{"v":2,"d":"2.0"},{"v":13,"d":"13.0"}]
["Semeadeira/Adubadeira para Plantio Convencional","Unidade",17,{"v":1,"d":"1.0"},{"v":1.24,"d":"1.2"},{"v":2,"d":"2.0"},{"v":21,"d":"21.0"}]
["Semeadeira/Plantadeira Plantio Direto","Unidade",16,{"v":1,"d":"1.0"},1.5,{"v":4,"d":"4.0"},{"v":24,"d":"24.0"}]
["Terraceador","Unidade",3,{"v":1,"d":"1.0"},{"v":1,"d":"1.0"},{"v":1,"d":"1.0"},{"v":3,"d":"3.0"}]
["Trator de Esteiras","Unidade",3,{"v":1,"d":"1.0"},{"v":1,"d":"1.0"},{"v":1,"d":"1.0"},{"v":3,"d":"3.0"}]
["Trator de Pneus","Unidade",102,{"v":1,"d":"1.0"},{"v":1.56,"d":"1.6"},{"v":6,"d":"6.0"},{"v":159,"d":"159.0"}]
["Açude/Represa","Unidade",110,{"v":1,"d":"1.0"},1.9,{"v":14,"d":"14.0"},{"v":209,"d":"209.0"}]
["Almoxarifado/Oficina","Unidade",28,{"v":1,"d":"1.0"},{"v":1.07,"d":"1.1"},{"v":2,"d":"2.0"},{"v":30,"d":"30.0"}]
["Armazém para Grãos Ensacados","Sacas",15,{"v":1,"d":"1.0"},{"v":3020.27,"d":"3,020.3"},{"v":15000,"d":"15,000.0"},{"v":45304,"d":"45,304.0"}]
["Balança para Bovinos","Unidade",11,{"v":1,"d":"1.0"},{"v":1,"d":"1.0"},{"v":1,"d":"1.0"},{"v":11,"d":"11.0"}]
["Balança para Veículos","Unidade",1,{"v":1,"d":"1.0"},{"v":1,"d":"1.0"},{"v":1,"d":"1.0"},{"v":1,"d":"1.0"}]
["Barracão para Bicho da Seda/Sirgaria","Unidade",1,{"v":1,"d":"1.0"},{"v":1,"d":"1.0"},{"v":1,"d":"1.0"},{"v":1,"d":"1.0"}]
["Barracão para Granja/Avicultura","Unidade",3,{"v":1,"d":"1.0"},{"v":8.33,"d":"8.3"},{"v":12,"d":"12.0"},{"v":25,"d":"25.0"}]
["Barracão/Galpão/Garagem","Unidade",169,{"v":1,"d":"1.0"},{"v":1.15,"d":"1.2"},{"v":4,"d":"4.0"},{"v":195,"d":"195.0"}]
["Casa de Moradia Habitada","Unidade",231,{"v":1,"d":"1.0"},{"v":1.77,"d":"1.8"},{"v":11,"d":"11.0"},{"v":408,"d":"408.0"}]
["Casa de Moradia Total","Unidade",286,{"v":1,"d":"1.0"},{"v":1.89,"d":"1.9"},{"v":15,"d":"15.0"},{"v":540,"d":"540.0"}]
["Curral/Mangueira","Unidade",247,{"v":1,"d":"1.0"},{"v":1.02,"d":"1.0"},{"v":2,"d":"2.0"},{"v":252,"d":"252.0"}]
["Depósito/Tulha","Unidade",158,{"v":1,"d":"1.0"},{"v":1.12,"d":"1.1"},{"v":3,"d":"3.0"},{"v":177,"d":"177.0"}]
["Engenho","Unidade",5,{"v":1,"d":"1.0"},{"v":1,"d":"1.0"},{"v":1,"d":"1.0"},{"v":5,"d":"5.0"}]
["Estábulo","Unidade",11,{"v":1,"d":"1.0"},{"v":1.09,"d":"1.1"},{"v":2,"d":"2.0"},{"v":12,"d":"12.0"}]
["Estufa/Plasticultura","m²",3,{"v":100,"d":"100.0"},{"v":1866.67,"d":"1,866.7"},{"v":5000,"d":"5,000.0"},{"v":5600,"d":"5,600.0"}]
["Fábrica de Ração","Unidade",3,{"v":1,"d":"1.0"},{"v":1,"d":"1.0"},{"v":1,"d":"1.0"},{"v":3,"d":"3.0"}]
["Instalações para Equinos","Unidade",14,{"v":1,"d":"1.0"},{"v":2.71,"d":"2.7"},{"v":8,"d":"8.0"},{"v":38,"d":"38.0"}]
["Packing House","Unidade",1,{"v":1,"d":"1.0"},{"v":1,"d":"1.0"},{"v":1,"d":"1.0"},{"v":1,"d":"1.0"}]
["Pocilga","Unidade",47,{"v":1,"d":"1.0"},{"v":1.06,"d":"1.1"},{"v":3,"d":"3.0"},{"v":50,"d":"50.0"}]
["Poço Semi-Artesiano","Unidade",51,{"v":1,"d":"1.0"},1.1,{"v":3,"d":"3.0"},{"v":56,"d":"56.0"}]
["Posto Meteorológico","Unidade",1,{"v":1,"d":"1.0"},{"v":1,"d":"1.0"},{"v":1,"d":"1.0"},{"v":1,"d":"1.0"}]
["Silo para Grãos","t",3,{"v":1,"d":"1.0"},{"v":65.33,"d":"65.3"},{"v":180,"d":"180.0"},{"v":196,"d":"196.0"}]
["Silo para Silagem","t",10,{"v":50,"d":"50.0"},{"v":2388.9,"d":"2,388.9"},{"v":20000,"d":"20,000.0"},{"v":23889,"d":"23,889.0"}]
["Terreiro","m²",33,{"v":1,"d":"1.0"},{"v":149.73,"d":"149.7"},{"v":600,"d":"600.0"},{"v":4941,"d":"4,941.0"}]
["Fonte: Secretaria de Agricultura e Abastecimento, CDRS/IEA, Projeto LUPA."]
[]
["TABELA 6.4 - Outras Estatísticas Agrícolas, Município de Águas de Santa Bárbara, Estado de São Paulo, 2007/08."]
["ITEM","Número de UPAs",null,"Percentual"]
["Faz Parte de Associação de Produtores",31,null,{"v":6.126482213438735,"d":"6.1"}]
["Faz Parte de Cooperativa de Produtores",152,null,{"v":30.039525691699605,"d":"30.0"}]
["Faz Parte do Sindicato de Produtores",142,null,{"v":28.063241106719367,"d":"28.1"}]
["Não utiliza assistência técnica ",267,null,{"v":52.76679841897233,"d":"52.8"}]
["Utiliza somente assistência técnica governamental ",175,null,{"v":34.58498023715415,"d":"34.6"}]
["Utiliza somente assistência técnica privada ",6,null,{"v":1.1857707509881423,"d":"1.2"}]
["Utiliza assistência técnica tanto governamental quanto privada",58,null,{"v":11.462450592885377,"d":"11.5"}]
["Utiliza Crédito Rural",38,null,{"v":7.509881422924901,"d":"7.5"}]
["Utiliza Seguro Rural",10,null,{"v":1.9762845849802373,"d":"2.0"}]
["Utiliza Escrituração Agrícola",48,null,{"v":9.486166007905139,"d":"9.5"}]
["Acessa Internet p/ Fins na Agropecuária",40,null,{"v":7.905138339920949,"d":"7.9"}]
["Utiliza Computador nas Atividades Agropecuárias",58,null,{"v":11.462450592885377,"d":"11.5"}]
["Utiliza Energia Elétrica Para Uso na Atividade Agrícola",340,null,{"v":67.19367588932806,"d":"67.2"}]
["Realiza Análise de Solo, quando necessário",137,null,{"v":27.07509881422925,"d":"27.1"}]
["Utiliza Práticas de Conservação de Solo, quando necessário",340,null,{"v":67.19367588932806,"d":"67.2"}]
["Faz Adubação Mineral, quando necessário",236,null,{"v":46.640316205533594,"d":"46.6"}]
["Faz Adubação Orgânica, quando necessário",75,null,{"v":14.822134387351777,"d":"14.8"}]
["Faz Adubação Verde, quando necessário",43,null,{"v":8.49802371541502,"d":"8.5"}]
["Utiliza Manejo Integrado de Pragas (MIP)",13,null,{"v":2.5691699604743086,"d":"2.6"}]
["Utiliza Hidroponia","-",null,"-"]
["Utiliza Plasticultura",8,null,{"v":1.5810276679841897,"d":"1.6"}]
["Utiliza Mudas Fiscalizadas",34,null,{"v":6.719367588932807,"d":"6.7"}]
["Utiliza Semente Melhorada",129,null,{"v":25.49407114624506,"d":"25.5"}]
["Faz Confinamento de Bovinos",9,null,{"v":1.7786561264822134,"d":"1.8"}]
["Utiliza Pastejo Intensivo",8,null,{"v":1.5810276679841897,"d":"1.6"}]
["Faz Inseminação Artificial",15,null,{"v":2.964426877470356,"d":"3.0"}]
["Faz Mineralização do Rebanho",259,null,{"v":51.18577075098814,"d":"51.2"}]
["Faz Vermifugação do Rebanho",260,null,{"v":51.383399209486164,"d":"51.4"}]
["Possui Parceiros /Arrendatários na Exploração Animal",64,null,{"v":12.648221343873518,"d":"12.6"}]
["Esporte e lazer","-",null,"-"]
["Extração mineral","-",null,"-"]
["Hotel Fazenda, Pousada ou SPA","-",null,"-"]
["Pesque-pague",1,null,{"v":0.1976284584980237,"d":"0.2"}]
["Restaurante ou Lanchonete",1,null,{"v":0.1976284584980237,"d":"0.2"}]
["Transformação artesanal","-",null,"-"]
["Turismo rural ou ecoturismo","-",null,"-"]
["Outras atividades econômicas rurais","-",null,"-"]
["Agroindústria","-",null,"-"]
["Proprietário sem instrução ou com instrução incompleta",15,null,{"v":2.964426877470356,"d":"3.0"}]
["Proprietário com antigo primário completo",206,null,{"v":40.71146245059288,"d":"40.7"}]
["Proprietário com 1° grau (ou antigo ginasial) completo",39,null,{"v":7.707509881422926,"d":"7.7"}]
["Proprietário com 2° grau (ou antigo colegial) completo",71,null,{"v":14.031620553359684,"d":"14.0"}]
["Proprietário com curso superior completo ",157,null,{"v":31.02766798418972,"d":"31.0"}]
["Pessoa Jurídica",18,null,{"v":3.5573122529644268,"d":"3.6"}]
["Proprietário residente na própria UPA ",108,null,{"v":21.34387351778656,"d":"21.3"}]
["Fonte: Secretaria de Agricultura e Abastecimento, CDRS/IEA, Projeto LUPA."]
[]
["TABELA 6.5 - Área Cultivada, Município de Águas de Santa Bárbara, Estado de São Paulo, 2007/08."]
["CULTURA","N.DE UPAs","MÍNIMO","MÉDIO","MÁXIMO","TOTAL"]
["Braquiaria",395,0.5,{"v":36.07,"d":"36.1"},{"v":1866,"d":"1,866.0"},{"v":14246.6,"d":"14,246.6"}]
["Cana-de-acucar",126,0.1,{"v":35.01,"d":"35.0"},{"v":920,"d":"920.0"},{"v":4411.4,"d":"4,411.4"}]
["Laranja",11,15.7,{"v":299.99,"d":"300.0"},{"v":1439.4,"d":"1,439.4"},{"v":3299.9,"d":"3,299.9"}]
["Pinus",22,0.3,{"v":90.86,"d":"90.9"},769.5,{"v":1999,"d":"1,999.0"}]
["Eucalipto",166,0.1,{"v":9.29,"d":"9.3"},{"v":200,"d":"200.0"},{"v":1542.4,"d":"1,542.4"}]
["Milho",111,0.5,{"v":13.07,"d":"13.1"},{"v":170,"d":"170.0"},{"v":1450.4,"d":"1,450.4"}]
["Soja",28,3.8,41.7,207.8,{"v":1167.5,"d":"1,167.5"}]
["Aveia",9,6.8,{"v":26.16,"d":"26.2"},{"v":126,"d":"126.0"},235.4]
["Acerola (ou cereja-das-antilhas)",1,150.5,150.5,150.5,150.5]
["Outras gramineas para pastagem",17,1.2,{"v":7.14,"d":"7.1"},22.6,121.4]
["Milheto",3,4.8,{"v":26.77,"d":"26.8"},70.5,80.3]
["Gramas",3,5.4,{"v":23.27,"d":"23.3"},{"v":54,"d":"54.0"},69.8]
["Girassol",1,{"v":50,"d":"50.0"},{"v":50,"d":"50.0"},{"v":50,"d":"50.0"},{"v":50,"d":"50.0"}]
["Trigo",1,{"v":46,"d":"46.0"},{"v":46,"d":"46.0"},{"v":46,"d":"46.0"},{"v":46,"d":"46.0"}]
["Milho Safrinha",1,{"v":46,"d":"46.0"},{"v":46,"d":"46.0"},{"v":46,"d":"46.0"},{"v":46,"d":"46.0"}]
["Feijao-vagem (ou vagem, ou feijao-verde)",1,{"v":36,"d":"36.0"},{"v":36,"d":"36.0"},{"v":36,"d":"36.0"},{"v":36,"d":"36.0"}]
["Cafe",19,0.2,{"v":1.29,"d":"1.3"},3.5,24.5]
["Pomar domestico",16,0.1,{"v":0.58,"d":"0.6"},{"v":2,"d":"2.0"},9.3]
["Outras culturas temporárias",1,{"v":8,"d":"8.0"},{"v":8,"d":"8.0"},{"v":8,"d":"8.0"},{"v":8,"d":"8.0"}]
["Outras frutiferas",1,{"v":5,"d":"5.0"},{"v":5,"d":"5.0"},{"v":5,"d":"5.0"},{"v":5,"d":"5.0"}]
["Arroz",4,0.5,{"v":1.03,"d":"1.0"},1.6,4.1]
["Palmito",1,{"v":2,"d":"2.0"},{"v":2,"d":"2.0"},{"v":2,"d":"2.0"},{"v":2,"d":"2.0"}]
["Sorgo",1,{"v":2,"d":"2.0"},{"v":2,"d":"2.0"},{"v":2,"d":"2.0"},{"v":2,"d":"2.0"}]
["Amora (ou amora-preta)",1,1.7,1.7,1.7,1.7]
["Feijao",1,{"v":1,"d":"1.0"},{"v":1,"d":"1.0"},{"v":1,"d":"1.0"},{"v":1,"d":"1.0"}]
["Floricultura para corte",1,{"v":1,"d":"1.0"},{"v":1,"d":"1.0"},{"v":1,"d":"1.0"},{"v":1,"d":"1.0"}]
["Mandioca",2,0.2,{"v":0.25,"d":"0.3"},0.3,0.5]
["Floricultura para vaso",1,0.3,0.3,0.3,0.3]
["Fonte: Secretaria de Agricultura e Abastecimento, CDRS/IEA, Projeto LUPA."]